| 000 | 01151cam a2200253 i 4500 | ||
|---|---|---|---|
| 003 | SA-RiAUC | ||
| 005 | 20260220113916.0 | ||
| 008 | 260219q19001999||| f b 00010 ara c | ||
| 040 |
_aSA-JeALM _bara _cSA-RiAUC _erda |
||
| 082 | 0 | 4 |
_a346.04344 _qSA-RiAUC |
| 090 |
_a346.04344 _bس ن هـ |
||
| 100 | 1 |
_aالسنهوري، عبد الرزاق بن أحمد السنهوري، _cباشا، _d1895-1971 _eمؤلف. |
|
| 245 | 1 | 0 |
_aشرح القانون المدني في العقود : _bعقد الإيجار : إيجار الأشياء / _cتأليف عبد الرزاق أحمد السنهوري. |
| 246 | 3 | 0 | _aالقانون المدني في العقود |
| 264 | 1 |
_a[مكان النشر غير محدد] : _bدار الفكر للطباعة والنشر والتوزيع، _c[بين 1900 و1999] |
|
| 300 |
_a701 صفحة ؛ _c24 سم. |
||
| 336 |
_aنص _btxt _2rdacontent _3كتاب |
||
| 337 |
_aبدون وسيط _bn _2rdamedia |
||
| 338 |
_aمجلد _bnc _2rdacarrier |
||
| 504 | _aببليوجرافية : صفحة 661-665. | ||
| 650 | 7 |
_aعقود الإيجار _2aucsh |
|
| 942 |
_2ddc _cBOOK _n0 |
||
| 949 |
_aSA-JeALM _d260219 _uosman123 _n1 |
||
| 999 |
_c14385 _d14385 |
||